Geography Quiz

Random Geography or City Quiz

Nonstop from the US to Paris Quiz Stats

 Plays Quiz Updated Nov 8, 2018

Challenge
Share
Tweet
Embed
Score 0/22 Timer 03:00
1 Play Today
Mileage City % Correct
3635New York - JFK
98.7%
5670Los Angeles
92.3%
4152Chicago - ORD
91.2%
3448Boston
91.1%
4588Miami
88%
4948Dallas - DFW
85.3%
3861Washington - IAD
84.8%
4394Atlanta
84%
5583San Francisco
80.5%
5026Houston - IAH
78.6%
3728Philadelphia
77.3%
Mileage City % Correct
5016Seattle
72.1%
3962Detroit
69.3%
3649Newark
63%
4507Orlando - MCO
59.2%
5442Las Vegas
56.7%
3910Pittsburgh
52.4%
4222Minneapolis
49.9%
4174Charlotte
49.7%
4155Cincinnati
37.5%
4052Raleigh Durham
32%
5080Salt Lake City
31.8%

You're not logged in!

Compare scores with friends on all Sporcle quizzes.
OR
Log In

You Might Also Like...

Show Comments

Extras

Top Quizzes Today


Score Distribution

Your Account Isn't Verified!

In order to create a playlist on Sporcle, you need to verify the email address you used during registration. Go to your Sporcle Settings to finish the process.

Report this User

Report this user for behavior that violates our Community Guidelines.

Details: